<?xml version="1.0" encoding="UTF-8"?>
<record
    xmlns:xsi="http://www.w3.org/2001/XMLSchema-instance"
    xsi:schemaLocation="http://www.loc.gov/MARC21/slim http://www.loc.gov/standards/marcxml/schema/MARC21slim.xsd"
    xmlns="http://www.loc.gov/MARC21/slim">

  <leader>01491nab a22002057a 4500</leader>
  <datafield tag="999" ind1=" " ind2=" ">
    <subfield code="c">5848</subfield>
    <subfield code="d">5848</subfield>
  </datafield>
  <controlfield tag="003">OSt</controlfield>
  <controlfield tag="005">20260108211718.0</controlfield>
  <controlfield tag="008">190514b        xxu||||| |||| 00| 0 spa d</controlfield>
  <datafield tag="040" ind1=" " ind2=" ">
    <subfield code="c">PJ</subfield>
  </datafield>
  <datafield tag="100" ind1=" " ind2=" ">
    <subfield code="9">800</subfield>
    <subfield code="a">Kemelmajer de Carlucci, A&#xED;da</subfield>
  </datafield>
  <datafield tag="245" ind1="1" ind2="3">
    <subfield code="a">El derecho al propio cuerpo de ni&#xF1;os, ni&#xF1;as y adolescentes :
</subfield>
    <subfield code="b">balance, consolidaci&#xF3;n y desaf&#xED;os en la aplicaci&#xF3;n del art. 26 /</subfield>
    <subfield code="c">A&#xED;da Kemelmajer.</subfield>
  </datafield>
  <datafield tag="300" ind1=" " ind2=" ">
    <subfield code="a">p. 41-56</subfield>
  </datafield>
  <datafield tag="505" ind1=" " ind2=" ">
    <subfield code="a">Sumario: I. Prop&#xF3;sito y l&#xED;mites.&#x2014; II. Puntos de partida.&#x2014; III. Consentimiento informado para el acto m&#xE9;dico de los NNA.&#x2014; IV. Un supuesto diferente. Informaci&#xF3;n sobre el estado de salud del NNA.&#x2014; V. El consentimiento informado para las transfusiones sangu&#xED;neas.&#x2014; VI. Consentimiento para otras terapias m&#xE9;dicas. El multiculturalismo.&#x2014; VII. Salud mental, consumo de drogas. Internaciones.&#x2014; VIII. Trasplante de &#xF3;rganos y consentimiento informado.&#x2014; IX. Ligadura de trompas.&#x2014; X. Interrupci&#xF3;n del embarazo.&#x2014; XI. Identidad de g&#xE9;nero.&#x2014; XII. Directivas anticipadas.&#x2014; XIII. Decisiones sobre el final de la vida.&#x2014; XIV. Breves palabras para seguir pensando.</subfield>
  </datafield>
  <datafield tag="505" ind1=" " ind2=" ">
    <subfield code="t">Si te interesa el texto, comunicate a koha@justierradelfuego.gov.ar</subfield>
  </datafield>
  <datafield tag="650" ind1=" " ind2="0">
    <subfield code="9">1497</subfield>
    <subfield code="a">CODIGO CIVIL Y COMERCIAL</subfield>
  </datafield>
  <datafield tag="650" ind1=" " ind2="0">
    <subfield code="9">967</subfield>
    <subfield code="a">DERECHO DE FAMILIA</subfield>
  </datafield>
  <datafield tag="650" ind1=" " ind2="0">
    <subfield code="9">2741</subfield>
    <subfield code="a">DERECHOS DE LAS NI&#xD1;AS, NI&#xD1;OS Y ADOLESCENTES</subfield>
  </datafield>
  <datafield tag="773" ind1="0" ind2=" ">
    <subfield code="0">2844</subfield>
    <subfield code="9">3222</subfield>
    <subfield code="d">Buenos Aires : AbeledoPerrot, 1989-</subfield>
    <subfield code="t">Derecho de familia. N&#xB0; 120 - Julio 2025</subfield>
    <subfield code="z">18511201</subfield>
  </datafield>
  <datafield tag="942" ind1=" " ind2=" ">
    <subfield code="2">udc</subfield>
    <subfield code="c">ANA</subfield>
  </datafield>
</record>
